000
00277nam a2200109Ia 4500
008
190216s9999||||xx |||||||||||||| ||und||
100
_a
Jaggi. K.P And Sushma Jain
245
0
_a
Introductory Computer Science
260
_b
Academic Foundation
_c
1986
300
_a
216p
942
_c
BK
999
_c
8354
_d
8354